000 00646nam a2200229 i 4500
001 121540
003 ES-MaACL
005 20230906191753.0
007 t|
008 070214s1977 sp r ||||1| spa d
020 _a84-7396-099-8
080 _a324(460)"1977"(023)
245 0 1 _a¿Por quién votan las mujeres?.
250 _a1ª ed.
260 _aBarcelona :
_bAvance,
_c1977.
300 _a76 p. :
_bil. ;
_c21 cm.
490 1 _aGuías electorales Avance
610 1 4 _aEspaña.
_bCortes Generales-
_xElecciones, 1977.
_9174486
830 1 _aGuías electorales Avance
_9218751
852 4 _aES-MaACL
_jA-6775
999 _c121540
_d121540